header

Aesthetics and subjectivity (Record no. 154967)

MARC details
000 -LEADER
fixed length control field 01415nam a22003494a 4500
082 04 - DEWEY DECIMAL CLASSIFICATION NUMBER
Classification number 111/.85/094309033
100 1# - MAIN ENTRY--AUTHOR NAME
Personal name Bowie, Andrew,
245 10 - TITLE STATEMENT
Title Aesthetics and subjectivity
250 ## - EDITION STATEMENT
Edition statement 2nd ed., completely re-written and updated.
260 ## - PUBLICATION, DISTRIBUTION, ETC. (IMPRINT)
Place of publication Manchester, UK ;
-- New York :
Name of publisher Manchester University Press,
Year of publication 2003.
300 ## - PHYSICAL DESCRIPTION
Number of Pages viii, 345 p.
650 #0 - SUBJECT ADDED ENTRY--TOPICAL TERM
Topical Term Aesthetics, German
Topical Term Aesthetics, German
Topical Term Aesthetics, Modern
Topical Term Aesthetics, Modern
Topical Term Subjectivity.
856 40 - ELECTRONIC LOCATION AND ACCESS
Uniform Resource Identifier http://site.ebrary.com/lib/rucke/Doc?id=10075723

No items available.

© 2026 Rongo University
Contact us: librarian | system librarian | Rongo university